Дело по отношению государственного канцлера графа Нессельроде об отсрочке пребывания за границей часовых дел мастеру Каппелю

Доступно только в Электронных читальных залах Найти на картеНа карте
RUSMARC
00003708nmc2a2200000 x 450
0013fa7af9a-4449-42a0-864f-5dedf9d11d88
00520171113124311.0
100##$a20160823l18461847k l0rusy0189 ca
1010#$arus
102##$aRU
2001#$aДело по отношению государственного канцлера графа Нессельроде об отсрочке пребывания за границей часовых дел мастеру Каппелю
$j1 декабря 1846 г. - 1 марта 1847 г.
251##$cДело
300##$aДело
801#0$aRU
$bРГИА
$c20160823
$gRCR
801#1$aRU
$bГлавНИВЦ
$c20160823
$2rusmarc
801#2$aRU
$bПБ им. Б.Н. Ельцина
$c20171113
$gRCR
$2rusmarc
850##$aРГИА
852##$aРГИА
$eФедеральное казенное учреждение "Российский государственный исторический архив" (РГИА)
$j673
937##$hРГИА
$d12205500
$aASBIBLIO_SCAN
462#0$1001a27eaba9-7cb9-40a7-a26f-8911768d1c13
$12001
$a1846-1847 гг. Дела Департамента полиции исполнительной за 1846 г.
$1251
$cОпись
$1852
$j10
461#0$10013e300ed0-cd39-49af-8489-5ba5b90fa401
$12001
$aДепартамент полиции исполнительной МВД
$1251
$cФонд
$1852
$j1286
215##$a12 л.
$d36,5х26 см
371##$aДокумент не является опубликованным и широко распространяемым
105##$ay###
1222#$ad
035##$a3fa7af9a-4449-42a0-864f-5dedf9d11d88
856##$uhttp://readingroom.main.prlib.ru/item.aspx?id_node=n108905019&mode=full
Формат отображения